<?xml version="1.0" encoding="UTF-8"?><record xmlns="http://www.loc.gov/MARC21/slim" xmlns:zs="http://docs.oasis-open.org/ns/search-ws/sruResponse">
  <leader>00569cz  a2200205n  4500</leader>
  <controlfield tag="001">sh 85038703 </controlfield>
  <controlfield tag="003">DLC</controlfield>
  <controlfield tag="005">19950320135510.2</controlfield>
  <controlfield tag="008">860211i| anannbabn          |a ana      </controlfield>
  <datafield ind1=" " ind2=" " tag="010">
    <subfield code="a">sh 85038703 </subfield>
  </datafield>
  <datafield ind1=" " ind2=" " tag="035">
    <subfield code="a">(DLC)sh 85038703</subfield>
  </datafield>
  <datafield ind1=" " ind2=" " tag="035">
    <subfield code="a">(DLC)37402</subfield>
  </datafield>
  <datafield ind1=" " ind2=" " tag="040">
    <subfield code="a">DLC</subfield>
    <subfield code="c">DLC</subfield>
    <subfield code="d">DLC</subfield>
  </datafield>
  <datafield ind1=" " ind2="0" tag="053">
    <subfield code="a">HE550</subfield>
    <subfield code="b">HE559.5</subfield>
    <subfield code="c">Transportation and communication</subfield>
  </datafield>
  <datafield ind1=" " ind2="0" tag="053">
    <subfield code="a">HE951</subfield>
    <subfield code="b">HE953</subfield>
    <subfield code="c">Port guides, regulations</subfield>
  </datafield>
  <datafield ind1=" " ind2="0" tag="053">
    <subfield code="a">TC355</subfield>
    <subfield code="b">TC365</subfield>
    <subfield code="c">Construction</subfield>
  </datafield>
  <datafield ind1=" " ind2="0" tag="053">
    <subfield code="a">VK361</subfield>
    <subfield code="b">VK365</subfield>
    <subfield code="c">Docking facilities</subfield>
  </datafield>
  <datafield ind1=" " ind2=" " tag="150">
    <subfield code="a">Docks</subfield>
  </datafield>
  <datafield ind1=" " ind2=" " tag="550">
    <subfield code="w">g</subfield>
    <subfield code="a">Harbors</subfield>
  </datafield>
  <datafield ind1=" " ind2=" " tag="550">
    <subfield code="w">g</subfield>
    <subfield code="a">Hydraulic structures</subfield>
  </datafield>
</record>
